La comedia Humana / (Record no. 281)

000 -CABECERA
fixed length control field 01174nam a22002417a 4500
003 - IDENTIFICADOR DEL NÚMERO DE CONTROL
control field AR-CdUCM
008 - DATOS DE LONGITUD FIJA--INFORMACIÓN GENERAL
fixed length control field 190222b ||||| |||| 00| 0 spa d
040 ## - FUENTE DE LA CATALOGACIÓN
Agencia/entidad que catalogó originalmente la obra MUNICIPALIDAD PROVINCIAL DEL CUSCO
Entidad que transcribió la catalogación BIBLIOTECA MUNICIPAL DEL CUSCO
041 ## - CÓDIGO DE LENGUA
Código de Idioma para texto o pista de sonido o título separado fr
082 ## - NÚMERO DE LA CLASIFICACIÓN DECIMAL DEWEY
No. de Clasificación 086.848 /
Notacion interna B19
100 ## - ENTRADA PRINCIPAL--NOMBRE DE PERSONA
Nombre Personal De Balzac, Honorato
245 ## - MENCIÓN DE TÍTULO
Título La comedia Humana /
260 ## - PUBLICACIÓN, DISTRIBUCIÓN, ETC.
Lugar de publicación, distribución, etc. Madrid :
Nombre de la editorial, distribuidor, etc. EDAF,
Fecha de publicación, distribución, etc. 1968.
300 ## - DESCRIPCIÓN FÍSICA
Nº de Páginas Extensión 3 tomos ;
Otros detalles físicos 16 Ilustraciones.
Dimensiones 22 cm.
505 ## - NOTA DE CONTENIDO CON FORMATO
Nota de contenido formateada Contenido: t.1 -- Escenas de la vida privada -- La casa del gato que juega con la pelota -- Memoria de dos recién casados -- Un principio en la vida -- Una doble familia -- La paz del hogar ... t.2 -- Escenas de la vida en provincias -- Los solterones -- Los parisienses en provincias -- Las rivalidades -- Los provincianos en parís ... t.3 -- Escenas de la vida parisience -- Los parientes pobres -- Escenas de la vida política -- Escenas de la vida militar ...
650 ## - PUNTO DE ACCESO ADICIONAL DE MATERIA--TÉRMINO DE MATERIA
Descriptor Novela Francesa
9 (RLIN) 1184
650 ## - PUNTO DE ACCESO ADICIONAL DE MATERIA--TÉRMINO DE MATERIA
Descriptor Fisiología del Matrimonio
9 (RLIN) 1185
650 ## - PUNTO DE ACCESO ADICIONAL DE MATERIA--TÉRMINO DE MATERIA
Descriptor Hogar
9 (RLIN) 1186
650 ## - PUNTO DE ACCESO ADICIONAL DE MATERIA--TÉRMINO DE MATERIA
Descriptor Espíritu Humano
9 (RLIN) 1187
700 ## - PUNTO DE ACCESO ADICIONAL--NOMBRE DE PERSONA
Nombre Personal Barasoain, Alberto
9 (RLIN) 1188
942 ## - ELEMENTOS DE PUNTO DE ACCESO ADICIONAL (KOHA)
Fuente de clasificación
Tipo de item Libros-BMC
945 ## - PROCESAMIENTO DE INFORMACIÓN LOCAL (OCLC)
Catalogador acv
AAAA-MM-DD - Fecha de ingreso o modificacion 2019-02-22
Holdings
Estado de retiro (separado) Fuente de clasificación o esquema de estanterías Estado dañado Ubicación Sala donde se ubica Nombre de la colección Fecha de adquisición o compra Costo, precio normal en soles Signatura topográfica Código de Barras Última vez visto (Koha) Tipo de ítem (Koha)
No     Sala Humanidades Sala Humanidades Book Cart 2019-02-22 50.00 086.848 / B19 / t.1 SH0000000412 2019-02-22 Libros-BMC
No     Sala Humanidades Sala Humanidades Book Cart 2019-02-22 50.00 086.848 / B19 / t.3 SH0000000413 2019-02-22 Libros-BMC
No     Sala Humanidades Sala Humanidades Book Cart 2019-02-23 50.00 086.848 / B19 / t.2 SH0000000418 2019-02-23 Libros-BMC

Powered by Koha